ბათუმის შოთა რუსთაველის სახელმწიფო უნივერსიტეტის ბიბლიოთეკა

Alter Ego.Guide pedagogique. A.2 (ბიბ.ჩანაწერი № 45738)

000 -LEADER
fixed length control field 00590nam a2200241Ia 4500
001 - CONTROL NUMBER
control field 12565
003 - CONTROL NUMBER IDENTIFIER
control field GE_BSU
008 - FIXED-LENGTH DATA ELEMENTS--GENERAL INFORMATION
fixed length control field 181216s||||||||xx |||||||||||||| ||und||
020 ## - INTERNATIONAL STANDARD BOOK NUMBER
International Standard Book Number 9782011558176
040 ## - CATALOGING SOURCE
Transcribing agency GE_BSU
080 ## - UNIVERSAL DECIMAL CLASSIFICATION NUMBER
Universal Decimal Classification number 811.133.1
100 ## - MAIN ENTRY--PERSONAL NAME
Personal name Berthet,Annie. Daill, Emmanuelle. Catherine,Hugot....
245 ## - TITLE STATEMENT
Title Alter Ego.Guide pedagogique. A.2
260 ## - PUBLICATION, DISTRIBUTION, ETC.
Place of publication, distribution, etc. Paris
260 ## - PUBLICATION, DISTRIBUTION, ETC.
Name of publisher, distributor, etc. Hachette
260 ## - PUBLICATION, DISTRIBUTION, ETC.
Date of publication, distribution, etc. 2013
300 ## - PHYSICAL DESCRIPTION
Extent 240p.ill.29cm.
653 ## - INDEX TERM--UNCONTROLLED
Uncontrolled term Alter Ego.
653 ## - INDEX TERM--UNCONTROLLED
Uncontrolled term Guide pedagogique.
653 ## - INDEX TERM--UNCONTROLLED
Uncontrolled term გრამატიკა
942 ## - ADDED ENTRY ELEMENTS (KOHA)
Koha item type წიგნი
ეგზემპლარები
Withdrawn status Lost status Damaged status Not for loan Date acquired Barcode Date last seen Price effective from Koha item type
        2018-12-17 36232 2018-12-17 2018-12-17 წიგნი
        2018-12-17 36233 2018-12-17 2018-12-17 წიგნი